[Event "ODJM A 2015"]
[Site "Willingen GER"]
[Date "2015.05.24"]
[Round "2"]
[White "Reck, Jessica"]
[Black "Udaykumar, Arunn Mark"]
[Result "1-0"]
[Termination "normal"]
[Board "32"]
[WhiteElo "1620"]
[BlackElo "1824"]
[PlyCount "79"]
[WhiteFideId "12917931"]
[BlackFideId "12965456"]
[EventCountry "GER"]
[EventRounds "9"]
[EventType "swiss"]
[EventDate "2015.05.23"]

1. d4 Nf6 2. c4 g6 3. Nf3 Bg7 4. g3 O-O 5. Bg2 d6 6. Nc3 Bg4 7. O-O Qd7 8. Qb3
c6 9. Rd1 b6 10. e4 Bh3 11. Bh1 Qg4 12. Ng5 h6 13. Nxh3 Qxh3 14. Bg2 Qc8 15. h3
e5 16. Be3 Nbd7 17. d5 Nc5 18. Bxc5 bxc5 19. Qa4 cxd5 20. cxd5 a6 21. Rab1 Nh5
22. b4 f5 23. bxc5 Qxc5 24. Qb4 Qc7 25. Rdc1 Rab8 26. Qa3 Rxb1 27. Nxb1 Qb6 28.
Nd2 Qd4 29. Qc3 Nxg3 30. Qxg3 Qxd2 31. Rc6 fxe4 32. Rxd6 Qe1+ 33. Bf1 Rf3 34.
Qg2 g5 35. Rxa6 Qd1 36. Rd6 Bf8 37. Rd8 Kf7 38. Qg4 Kg7 39. Qxe4 Kf6 40. Rxf8+
1-0

[Event "ODJM A 2015"]
[Site "Willingen GER"]
[Date "2015.05.24"]
[Round "2"]
[White "Gröning, Finn Jonathan"]
[Black "Schulz, Theresa Charlotte"]
[Result "1-0"]
[Termination "normal"]
[Board "33"]
[WhiteElo "1824"]
[BlackElo "1611"]
[PlyCount "75"]
[WhiteFideId "1271634"]
[BlackFideId "12952206"]
[EventCountry "GER"]
[EventRounds "9"]
[EventType "swiss"]
[EventDate "2015.05.23"]

1. e4 c5 2. Nf3 Nc6 3. d4 cxd4 4. Nxd4 g6 5. c4 Bg7 6. Be3 Nf6 7. Nc3 O-O 8.
Be2 Qa5 9. O-O d6 10. a3 a6 11. b4 Qc7 12. f3 Nxd4 13. Bxd4 Be6 14. Rc1 Rfc8
15. Na4 Nd7 16. Bxg7 Kxg7 17. Qd4+ Kg8 18. Rc3 Qc6 19. b5 Qc7 20. bxa6 Rxa6 21.
c5 dxc5 22. Nxc5 Rc6 23. Nxe6 fxe6 24. Rxc6 Qxc6 25. Rd1 Qb6 26. a4 Rc1 27.
Qxb6 Rxd1+ 28. Bxd1 Nxb6 29. Bb3 Kf7 30. f4 Kf6 31. g4 g5 32. a5 Nd7 33. e5+
Kg6 34. Bxe6 Nc5 35. f5+ Kg7 36. Bd5 h6 37. Bxb7 Nxb7 38. a6 1-0

[Event "ODJM A 2015"]
[Site "Willingen GER"]
[Date "2015.05.24"]
[Round "2"]
[White "Bosse, Lea"]
[Black "Baumann, Eva"]
[Result "1/2-1/2"]
[Termination "normal"]
[Board "35"]
[WhiteElo "1641"]
[BlackElo "1539"]
[PlyCount "73"]
[WhiteFideId "12900419"]
[BlackFideId "12998788"]
[EventCountry "GER"]
[EventRounds "9"]
[EventType "swiss"]
[EventDate "2015.05.23"]

1. e4 e5 2. Nf3 Nc6 3. d4 exd4 4. Bc4 Nf6 5. e5 d5 6. Bb5 Ne4 7. Nxd4 Bd7 8.
Bxc6 bxc6 9. O-O Be7 10. f3 Ng5 11. f4 Ne4 12. Nd2 Nxd2 13. Bxd2 O-O 14. Be3
Bc5 15. Qd2 Bb6 16. Nb3 f6 17. exf6 Rxf6 18. Kh1 Qf8 19. Bd4 Rf7 20. Be5 Re8
21. Rae1 Rf5 22. Qd3 Rc8 23. c4 dxc4 24. Qxc4+ Qf7 25. Qxf7+ Rxf7 26. a4 a6 27.
Rc1 Be6 28. Rc3 Bd5 29. a5 Ba7 30. Nc5 Bxc5 31. Rxc5 Rb8 32. Rc2 Rb5 33. Bc3
Rb8 34. b4 Re8 35. Rcf2 Re4 36. Bd2 Ree7 37. h3 1/2-1/2

[Event "ODJM A 2015"]
[Site "Willingen GER"]
[Date "2015.05.24"]
[Round "2"]
[White "Ehmann, Johanna"]
[Black "Dittrich, Tom"]
[Result "1/2-1/2"]
[Termination "normal"]
[Board "36"]
[WhiteElo "1671"]
[BlackElo "1762"]
[PlyCount "104"]
[WhiteFideId "12953130"]
[BlackFideId "12923532"]
[EventCountry "GER"]
[EventRounds "9"]
[EventType "swiss"]
[EventDate "2015.05.23"]

1. e4 c5 2. Nf3 d6 3. d4 cxd4 4. Nxd4 Nf6 5. Nc3 a6 6. f3 e5 7. Nb3 Be6 8. Be3
Be7 9. Qd2 Nbd7 10. O-O-O O-O 11. g4 b5 12. g5 Nh5 13. Ne2 b4 14. Ng3 Nf4 15.
h4 a5 16. Bxf4 exf4 17. Qxf4 Qc7 18. Nf5 Bxf5 19. exf5 Rfc8 20. Bd3 a4 21. Nd4
Nc5 22. Kb1 b3 23. cxb3 axb3 24. a3 Nxd3 25. Rxd3 Ra4 26. Qe3 d5 27. Rc3 Rc4
28. Rxc4 dxc4 29. Re1 Bc5 30. Qe4 Qh2 31. Nb5 Qf2 32. Rd1 Be3 33. Nc3 Kf8 34.
Nd5 Re8 35. Qxc4 Qxf3 36. Qxb3 Qxf5+ 37. Qd3 Qxd3+ 38. Rxd3 Bf2 39. Rh3 Re4 40.
Nc3 Rxh4 41. Rxh4 Bxh4 42. Ne4 Ke7 43. Kc2 f6 44. gxf6+ Bxf6 45. Nxf6 Kxf6 46.
a4 Ke6 47. Kd3 h5 48. Ke4 g5 49. b4 Kd6 50. Kf5 g4 51. Kf4 Kc6 52. Kg3 Kb6
1/2-1/2

[Event "ODJM A 2015"]
[Site "Willingen GER"]
[Date "2015.05.24"]
[Round "2"]
[White "Döpper, Anna Bérénice"]
[Black "Tham, Minh"]
[Result "1-0"]
[Termination "normal"]
[Board "37"]
[WhiteElo "1600"]
[BlackElo "1600"]
[PlyCount "57"]
[WhiteFideId "1271853"]
[BlackFideId "12997323"]
[EventCountry "GER"]
[EventRounds "9"]
[EventType "swiss"]
[EventDate "2015.05.23"]

1. e4 e5 2. d4 exd4 3. Nf3 Nc6 4. Bc4 Bc5 5. c3 dxc3 6. Bxf7+ Kxf7 7. Qd5+ Ke8
8. Qh5+ Kf8 9. Qxc5+ Qe7 10. Qc4 d6 11. Nxc3 Be6 12. Qe2 Bg4 13. h3 Nd4 14. Qd3
Bxf3 15. gxf3 Qf6 16. f4 a6 17. Nd5 Qg6 18. Qxd4 Re8 19. f3 c5 20. Qf2 Qf7 21.
O-O Nf6 22. Nxf6 gxf6 23. Kh2 Rg8 24. f5 Qc7 25. Bf4 Kf7 26. Rg1 Qd7 27. Rxg8
Rxg8 28. Rd1 Qa4 29. b3 1-0

[Event "ODJM A 2015"]
[Site "Willingen GER"]
[Date "2015.05.24"]
[Round "2"]
[White "Leimbach, Tim Vincent"]
[Black "Steffens, Oliver"]
[Result "0-1"]
[Termination "normal"]
[Board "38"]
[WhiteElo "1699"]
[BlackElo "1665"]
[PlyCount "70"]
[WhiteFideId "12988600"]
[BlackFideId "12947148"]
[EventCountry "GER"]
[EventRounds "9"]
[EventType "swiss"]
[EventDate "2015.05.23"]

1. Nc3 c5 2. e4 e6 3. f4 d5 4. exd5 exd5 5. Nf3 a6 6. a4 Nc6 7. d4 Nf6 8. Be2
Be7 9. O-O O-O 10. Be3 Ng4 11. Bc1 cxd4 12. Nxd4 Nf6 13. h3 Bc5 14. Be3 Re8 15.
Bf2 Qb6 16. Nxc6 Bxf2+ 17. Rxf2 bxc6 18. b3 d4 19. Na2 Ne4 20. Bc4 Nxf2 21.
Bxf7+ Kxf7 22. Qh5+ Kf8 23. a5 Nxh3+ 24. gxh3 Qb5 25. Qxh7 Qf5 26. Qh8+ Kf7 27.
Qh4 Qxh3 28. Qf2 Re3 29. Qh2 Qxh2+ 30. Kxh2 Re2+ 31. Kg3 Rxc2 32. Nb4 Rc3+ 33.
Kf2 Bb7 34. Rd1 c5 35. Na2 Rc2+ 0-1

[Event "ODJM A 2015"]
[Site "Willingen GER"]
[Date "2015.05.24"]
[Round "2"]
[White "Neumann, Tiemon"]
[Black "Stockter, Jasper Enno"]
[Result "1-0"]
[Termination "normal"]
[Board "39"]
[WhiteElo "1664"]
[BlackElo "1484"]
[PlyCount "49"]
[WhiteFideId "12925462"]
[BlackFideId "12957291"]
[EventCountry "GER"]
[EventRounds "9"]
[EventType "swiss"]
[EventDate "2015.05.23"]

1. e4 e6 2. Nf3 d5 3. Nc3 c5 4. d4 Nc6 5. dxc5 d4 6. Nb5 Bxc5 7. Bf4 Bb4+ 8. c3
dxc3 9. Qxd8+ Kxd8 10. bxc3 Ba5 11. Rc1 Nf6 12. Bd3 a6 13. Nd6 Ke7 14. Nc4 b5
15. Nxa5 Nxa5 16. Nd4 Bb7 17. f3 Rac8 18. O-O Nc4 19. Rfd1 e5 20. Nf5+ Kf8 21.
Bxc4 exf4 22. Bb3 g6 23. Nd6 Rc7 24. e5 Ne8 25. Nxf7 1-0

[Event "ODJM A 2015"]
[Site "Willingen GER"]
[Date "2015.05.24"]
[Round "2"]
[White "Lohrmann, Tabea"]
[Black "Recktenwald, Cedric"]
[Result "0-1"]
[Termination "normal"]
[Board "40"]
[WhiteElo "1493"]
[BlackElo "1492"]
[PlyCount "68"]
[WhiteFideId "12911941"]
[BlackFideId "12971928"]
[EventCountry "GER"]
[EventRounds "9"]
[EventType "swiss"]
[EventDate "2015.05.23"]

1. e4 e6 2. d4 d5 3. Nf3 dxe4 4. Ng5 Nf6 5. Nc3 Bb4 6. Bc4 h6 7. Nh3 Nd5 8. Qd2
c5 9. dxc5 e3 10. Bb5+ Bd7 11. Bxd7+ Nxd7 12. fxe3 Nxc5 13. Nf2 Qa5 14. Nfd1
Rd8 15. O-O Nxc3 16. Qf2 Rxd1 17. Qxf7+ Kd8 18. Rxd1+ Nxd1 19. Qxg7 Re8 20.
Qd4+ Nd7 21. Qxd1 Qd5 22. Qg4 Rf8 23. h3 Bd6 24. c3 Qe5 25. g3 Qxg3+ 26. Qxg3
Bxg3 27. Kg2 Bh4 28. e4 Rf2+ 29. Kg1 Ne5 30. Bf4 Rxf4 31. Rd1+ Ke7 32. Kg2 Rf2+
33. Kg1 Nf3+ 34. Kh1 Rh2# 0-1

[Event "ODJM A 2015"]
[Site "Willingen GER"]
[Date "2015.05.24"]
[Round "2"]
[White "Brunner, Tobias"]
[Black "Leddin, Mathias"]
[Result "1/2-1/2"]
[Termination "normal"]
[Board "41"]
[WhiteElo "1717"]
[BlackElo "1649"]
[PlyCount "70"]
[WhiteFideId "12949833"]
[BlackFideId "4654684"]
[EventCountry "GER"]
[EventRounds "9"]
[EventType "swiss"]
[EventDate "2015.05.23"]

1. e4 e5 2. Nf3 Nc6 3. Bc4 Bc5 4. d3 d6 5. Nc3 Nf6 6. Bg5 h6 7. Bh4 g5 8. Bg3
Bg4 9. Bb5 a6 10. Bxc6+ bxc6 11. h3 Bh5 12. h4 g4 13. Nd2 Rb8 14. Nb3 Ba7 15.
Qe2 Bg6 16. Nd1 h5 17. Ne3 Qc8 18. Nc4 Ng8 19. f3 gxf3 20. Qxf3 Ne7 21. Rf1 Rf8
22. Ne3 Bxe3 23. Qxe3 c5 24. Rb1 Nc6 25. c3 Qe6 26. Nc1 Kd7 27. b3 f5 28. exf5
Rxf5 29. Rxf5 Bxf5 30. Ne2 Ne7 31. Rd1 Bg4 32. Rd2 Rf8 33. Bf2 Nd5 34. Qg3 Bxe2
35. Rxe2 Nxc3 1/2-1/2

[Event "ODJM A 2015"]
[Site "Willingen GER"]
[Date "2015.05.26"]
[Round "4"]
[White "Meißner, Felix"]
[Black "Poetsch, Hagen"]
[Result "1/2-1/2"]
[Termination "normal"]
[Board "1"]
[WhiteTitle "FM"]
[BlackTitle "IM"]
[WhiteElo "2268"]
[BlackElo "2481"]
[WhiteClock "00:08:01"]
[BlackClock "00:12:11"]
[PlyCount "96"]
[WhiteFideId "24671827"]
[BlackFideId "24615137"]
[EventCountry "GER"]
[EventRounds "9"]
[EventType "swiss"]
[EventDate "2015.05.23"]

1. d4 g6 2. Nf3 Bg7 3. c3 Nf6 4. Bf4 b6 5. h3 Bb7 6. e3 O-O 7. Be2 d6 8. O-O
Nbd7 9. Bh2 Re8 10. a4 a6 11. Nbd2 e5 12. dxe5 dxe5 13. Nc4 Ne4 14. Qc2 Qe7 15.
Ncd2 Nd6 16. Rfd1 e4 17. Bxd6 cxd6 18. Nd4 d5 19. Nf1 Rac8 20. Qb3 Qf6 21. Rac1
Bf8 22. Qa2 Ne5 23. Nc2 Red8 24. Qb3 Nc4 25. Nb4 Na5 26. Qa2 Bxb4 27. cxb4 Rxc1
28. Rxc1 Nc6 29. b5 Nb4 30. Qb3 a5 31. Rc7 Ba8 32. Rc1 d4 33. exd4 Qxd4 34. Qe3
Qf6 35. Qc3 Qe7 36. Qc7 Qxc7 37. Rxc7 Nd3 38. Rc2 Nc5 39. Rc4 Nd3 40. Rc2 Nc5
41. Rc4 Ne6 42. Ne3 f5 43. g3 Kg7 44. Kf1 Rf8 45. Rc3 f4 46. gxf4 Nxf4 47. Rc7+
Kh8 48. h4 Nd5 1/2-1/2

[Event "ODJM A 2015"]
[Site "Willingen GER"]
[Date "2015.05.26"]
[Round "4"]
[White "Riehle, Marco"]
[Black "Koch, Yannick"]
[Result "1-0"]
[Termination "normal"]
[Board "3"]
[WhiteElo "2062"]
[BlackElo "1892"]
[WhiteClock "01:24:38"]
[BlackClock "00:28:16"]
[PlyCount "41"]
[WhiteFideId "12904392"]
[BlackFideId "24661678"]
[EventCountry "GER"]
[EventRounds "9"]
[EventType "swiss"]
[EventDate "2015.05.23"]

1. e4 e6 2. d4 d5 3. exd5 exd5 4. Nf3 Nc6 5. c4 Bb4+ 6. Nc3 Nf6 7. a3 Bxc3+ 8.
bxc3 O-O 9. Be2 dxc4 10. Bxc4 Re8+ 11. Be3 Nd5 12. Qd3 Nxe3 13. fxe3 Qe7 14.
O-O Bg4 15. e4 Bh5 16. e5 Rad8 17. Qe3 h6 18. Qe4 Na5 19. Ba2 c5 20. g4 cxd4
21. cxd4 1-0

[Event "ODJM A 2015"]
[Site "Willingen GER"]
[Date "2015.05.26"]
[Round "4"]
[White "Quante, Lennart"]
[Black "Oberhofer, Cédric"]
[Result "1/2-1/2"]
[Termination "normal"]
[Board "4"]
[WhiteElo "2092"]
[BlackElo "2136"]
[WhiteClock "00:28:21"]
[BlackClock "00:26:19"]
[PlyCount "87"]
[WhiteFideId "12979627"]
[BlackFideId "12941220"]
[EventCountry "GER"]
[EventRounds "9"]
[EventType "swiss"]
[EventDate "2015.05.23"]

1. e4 c5 2. Nf3 d6 3. Bb5+ Bd7 4. Bxd7+ Qxd7 5. O-O Nf6 6. e5 dxe5 7. Nxe5 Qc7
8. d4 cxd4 9. Bf4 Qb6 10. Nd2 e6 11. Ndc4 Qd8 12. Qe2 Be7 13. Rad1 O-O 14. c3
Nd5 15. Rxd4 Bc5 16. Rxd5 exd5 17. Rd1 Nc6 18. b4 Be7 19. Ne3 Nxe5 20. Bxe5 Bf6
21. Rxd5 Bxe5 22. Rxd8 Raxd8 23. Qb5 Bxc3 24. Qxb7 Rb8 25. Qxa7 Bxb4 26. g3 Ra8
27. Qd4 Rfb8 28. Qg4 Bc3 29. Nf5 Bf6 30. Kg2 g6 31. Nd6 Rd8 32. Qf4 Kg7 33. g4
h6 34. h4 Ra7 35. h5 Rad7 36. Ne4 Bd4 37. a4 Ra7 38. hxg6 fxg6 39. Nc5 Bxc5 40.
Qe5+ Kh7 41. Qxc5 Rdd7 42. a5 Ra6 43. g5 hxg5 44. Qxg5 1/2-1/2

[Event "ODJM A 2015"]
[Site "Willingen GER"]
[Date "2015.05.26"]
[Round "4"]
[White "Hirtreiter, Pierre"]
[Black "Zahn, Benno"]
[Result "0-1"]
[Termination "normal"]
[Board "5"]
[WhiteElo "2027"]
[BlackElo "2056"]
[WhiteClock "00:43:00"]
[BlackClock "00:06:31"]
[PlyCount "114"]
[WhiteFideId "12966312"]
[BlackFideId "24636070"]
[EventCountry "GER"]
[EventRounds "9"]
[EventType "swiss"]
[EventDate "2015.05.23"]

1. e4 c5 2. Nf3 d6 3. d4 cxd4 4. Nxd4 Nf6 5. Nc3 a6 6. h3 b5 7. g4 Bb7 8. Bg2
e6 9. O-O Be7 10. g5 Nfd7 11. a3 O-O 12. h4 Nc6 13. f4 Nxd4 14. Qxd4 d5 15. Be3
Bc5 16. Qd2 Bxe3+ 17. Qxe3 Nb6 18. Rad1 Nc4 19. Qd4 dxe4 20. Bxe4 Qxd4+ 21.
Rxd4 Bxe4 22. Nxe4 Nxb2 23. Rb1 Nc4 24. a4 Ne3 25. axb5 axb5 26. Rxb5 Nxc2 27.
Rd7 Ne3 28. Kf2 Nf5 29. h5 Ra2+ 30. Kf3 Ra3+ 31. Kg4 Ne3+ 32. Kh4 Nd5 33. Rbxd5
exd5 34. Rxd5 Ra4 35. Re5 Raa8 36. h6 Rfe8 37. Rxe8+ Rxe8 38. Nd6 Re1 39. Nf5
gxh6 40. Nxh6+ Kg7 41. Ng4 Kg6 42. Kg3 Kf5 43. Nh6+ Ke4 44. Nxf7 Rg1+ 45. Kh2
Rf1 46. Kg3 Rf3+ 47. Kg2 Kxf4 48. Kh2 Ra3 49. Nd6 Rd3 50. Nc4 Rd4 51. Na5 Kxg5
52. Nc6 Re4 53. Na7 Kg4 54. Nb5 Re2+ 55. Kg1 Rd2 56. Nc3 Kf3 57. Kf1 Rc2 0-1

[Event "ODJM A 2015"]
[Site "Willingen GER"]
[Date "2015.05.26"]
[Round "4"]
[White "Terhuven, Patrick"]
[Black "Borchert, René"]
[Result "1/2-1/2"]
[Termination "normal"]
[Board "6"]
[WhiteElo "2028"]
[BlackElo "1979"]
[WhiteClock "00:52:45"]
[BlackClock "00:49:06"]
[PlyCount "62"]
[WhiteFideId "12919098"]
[BlackFideId "12990671"]
[EventCountry "GER"]
[EventRounds "9"]
[EventType "swiss"]
[EventDate "2015.05.23"]

1. d4 d5 2. Nf3 c6 3. c4 e6 4. g3 Nf6 5. Bg2 Nbd7 6. b3 Be7 7. O-O O-O 8. Qc2
b6 9. Rd1 Bb7 10. Nc3 Rc8 11. e4 dxe4 12. Nxe4 c5 13. Nxf6+ Bxf6 14. Ng5 Bxg5
15. Bxb7 Rc7 16. dxc5 Bxc1 17. Raxc1 bxc5 18. Bg2 Qe7 19. Qd2 Nb6 20. Qd6 Qxd6
21. Rxd6 Rfc8 22. Rcd1 Kf8 23. f4 Ke7 24. Kf2 Rd7 25. Rxd7+ Nxd7 26. Ke3 Nf6
27. Bf3 Rd8 28. Rxd8 Kxd8 29. Kd3 Kc7 30. Kc3 Kb6 31. a3 Nd7 1/2-1/2

[Event "ODJM A 2015"]
[Site "Willingen GER"]
[Date "2015.05.26"]
[Round "4"]
[White "Steingräber, Kai Uwe"]
[Black "Wastian, Jan"]
[Result "1-0"]
[Termination "normal"]
[Board "7"]
[WhiteElo "2195"]
[BlackElo "1672"]
[WhiteClock "00:08:50"]
[BlackClock "00:08:33"]
[PlyCount "99"]
[WhiteFideId "1271602"]
[BlackFideId "12911640"]
[EventCountry "GER"]
[EventRounds "9"]
[EventType "swiss"]
[EventDate "2015.05.23"]

1. e4 c6 2. d4 d5 3. Nc3 dxe4 4. Nxe4 Nd7 5. Ng5 Ngf6 6. Bd3 e6 7. N1f3 Bd6 8.
Qe2 h6 9. Ne4 Nxe4 10. Qxe4 Qc7 11. Bd2 Nf6 12. Qe2 c5 13. O-O-O Bd7 14. Kb1
O-O-O 15. Ne5 Ba4 16. Nf3 Bc6 17. Be3 Ne4 18. Bxe4 Bxe4 19. dxc5 Be7 20. Qc4
Bd5 21. Qc3 Bf6 22. Qb4 Bxf3 23. gxf3 Qc6 24. Qe4 Qb5 25. Bd4 Bxd4 26. Rxd4
Rxd4 27. Qxd4 Rd8 28. Qxg7 Qe2 29. Qxh6 Qxf3 30. Rf1 Qg2 31. Qc1 Qxh2 32. Qe1
Qh5 33. b4 Qg4 34. Rg1 Qd4 35. Rg3 Qc4 36. a3 Qf4 37. Re3 Rd5 38. Qe2 Rf5 39.
f3 Rg5 40. Re4 Rg1+ 41. Ka2 Qc1 42. Kb3 Qb1+ 43. Ka4 Rc1 44. Rc4 a6 45. Rc3 Qa1
46. Qe3 Re1 47. Qd4 Rd1 48. Qg7 Rd8 49. c6 b6 50. Qxf7 1-0

[Event "ODJM A 2015"]
[Site "Willingen GER"]
[Date "2015.05.26"]
[Round "4"]
[White "Doberitz, Paul"]
[Black "Heldt, Nils-Lennart"]
[Result "1/2-1/2"]
[Termination "normal"]
[Board "8"]
[WhiteElo "2194"]
[BlackElo "1844"]
[WhiteClock "00:01:59"]
[BlackClock "00:28:48"]
[PlyCount "78"]
[WhiteFideId "24646130"]
[BlackFideId "12952109"]
[EventCountry "GER"]
[EventRounds "9"]
[EventType "swiss"]
[EventDate "2015.05.23"]

1. e4 e5 2. Nf3 Nc6 3. Bb5 a6 4. Ba4 Nf6 5. O-O Be7 6. Re1 b5 7. Bb3 d6 8. c3
O-O 9. d3 Bg4 10. Nbd2 Na5 11. Bc2 c5 12. Nf1 Qc7 13. h3 Bxf3 14. Qxf3 Nc6 15.
Bg5 Nd7 16. Bd2 b4 17. Ne3 a5 18. Nf5 Kh8 19. Bb3 Nb6 20. Bd5 Bf6 21. g4 Bd8
22. Kg2 Nxd5 23. exd5 Ne7 24. Ng3 Qd7 25. Qe4 f5 26. gxf5 Nxf5 27. Nxf5 Qxf5
28. Qxf5 Rxf5 29. d4 Bh4 30. Be3 exd4 31. cxd4 Rxd5 32. dxc5 dxc5 33. Rac1 Bf6
34. Re2 Re8 35. Kf1 Kg8 36. Rxc5 Rxc5 37. Bxc5 Rxe2 38. Kxe2 Bxb2 39. Kd3 Kf7
1/2-1/2

[Event "ODJM A 2015"]
[Site "Willingen GER"]
[Date "2015.05.26"]
[Round "4"]
[White "Kardoeus, David"]
[Black "Erofeev, Anastasia"]
[Result "1-0"]
[Termination "normal"]
[Board "9"]
[WhiteElo "2176"]
[BlackElo "1897"]
[PlyCount "43"]
[WhiteFideId "12912050"]
[BlackFideId "12917915"]
[EventCountry "GER"]
[EventRounds "9"]
[EventType "swiss"]
[EventDate "2015.05.23"]

1. b3 Nf6 2. Bb2 e6 3. e3 d5 4. f4 c5 5. Nf3 Nc6 6. Bb5 Be7 7. O-O O-O 8. Bxc6
bxc6 9. d3 Ng4 10. Qe1 Bf6 11. Nc3 d4 12. exd4 Bxd4+ 13. Nxd4 cxd4 14. Nd1 Qd5
15. Qg3 Nh6 16. Ne3 Qd7 17. f5 Nxf5 18. Nxf5 exf5 19. Qe5 Rd8 20. Rf4 Qe6 21.
Rxd4 Bd7 22. Rxd7 1-0

[Event "ODJM A 2015"]
[Site "Willingen GER"]
[Date "2015.05.26"]
[Round "4"]
[White "Schmider, Niklas"]
[Black "Falke, Isaak"]
[Result "1-0"]
[Termination "time forfeit"]
[Board "10"]
[WhiteElo "2014"]
[BlackElo "2020"]
[PlyCount "79"]
[WhiteFideId "12993778"]
[BlackFideId "24614483"]
[EventCountry "GER"]
[EventRounds "9"]
[EventType "swiss"]
[EventDate "2015.05.23"]

1. e4 c5 2. Nf3 Nc6 3. d4 cxd4 4. Nxd4 Nf6 5. f3 e6 6. c4 a6 7. Nc3 d6 8. Be3
Be7 9. Be2 Bd7 10. O-O Rb8 11. Qd2 O-O 12. Rac1 b5 13. Nxc6 Bxc6 14. cxb5 axb5
15. a3 Qd7 16. Na2 e5 17. Nb4 Ba8 18. Na6 Rb7 19. Rfd1 Rd8 20. Rc3 Rc8 21.
Rxc8+ Qxc8 22. Rc1 Qd8 23. Qc3 d5 24. Qc8 d4 25. Qxd8+ Bxd8 26. Rc8 Rd7 27.
Bxb5 Rd6 28. Bd2 Bb7 29. Rb8 Bxa6 30. Bxa6 h5 31. Bd3 Kh7 32. Bb4 Rd7 33. Bb5
Rc7 34. Rxd8 Rc1+ 35. Kf2 Rc2+ 36. Kg3 h4+ 37. Kh3 Nh5 38. g3 Rf2 39. Bd7 Nf6
40. Bg4 1-0

[Event "ODJM A 2015"]
[Site "Willingen GER"]
[Date "2015.05.26"]
[Round "4"]
[White "Teichert, Felix"]
[Black "Bösel, Alexander"]
[Result "1/2-1/2"]
[Termination "normal"]
[Board "11"]
[WhiteElo "1804"]
[BlackElo "1992"]
[PlyCount "41"]
[WhiteFideId "12987670"]
[BlackFideId "4623185"]
[EventCountry "GER"]
[EventRounds "9"]
[EventType "swiss"]
[EventDate "2015.05.23"]

1. e4 e6 2. d4 d5 3. exd5 exd5 4. Nf3 Bd6 5. Bd3 Ne7 6. O-O O-O 7. Bg5 f6 8.
Bh4 Bf5 9. Re1 Bxd3 10. Qxd3 Qd7 11. Nbd2 b5 12. Bg3 c6 13. Nb3 Nf5 14. Bxd6
Nxd6 15. Nc5 Qc8 16. Re7 Na6 17. Ne6 Rf7 18. Rxf7 Qxe6 19. Qa3 Kxf7 20. Qxa6
Qc8 21. Qxc8 1/2-1/2

[Event "ODJM A 2015"]
[Site "Willingen GER"]
[Date "2015.05.26"]
[Round "4"]
[White "Paulus, Jeffrey"]
[Black "Denkert, Robert"]
[Result "1/2-1/2"]
[Termination "normal"]
[Board "12"]
[WhiteElo "1968"]
[BlackElo "1737"]
[PlyCount "99"]
[WhiteFideId "24692468"]
[BlackFideId "12957216"]
[EventCountry "GER"]
[EventRounds "9"]
[EventType "swiss"]
[EventDate "2015.05.23"]

1. d4 Nf6 2. c4 c5 3. d5 b5 4. Qc2 bxc4 5. e4 d6 6. Bxc4 g6 7. Nf3 Bg7 8. O-O
O-O 9. Nc3 Nbd7 10. Bf4 Ng4 11. Rae1 Nge5 12. Nxe5 Nxe5 13. Bxe5 Bxe5 14. f4
Bg7 15. e5 Qa5 16. Qe2 Bd7 17. e6 fxe6 18. dxe6 Bc6 19. Nd5 Bxd5 20. Bxd5 Rab8
21. b3 Qc3 22. Qc4 Rb4 23. Qxc3 Bxc3 24. Rc1 Bd4+ 25. Kh1 Be3 26. Rc4 Rf5 27.
Be4 Rxf4 28. Rxf4 Bxf4 29. g3 Rxc4 30. bxc4 Bc1 31. Bc6 Kg7 32. Kg2 Kf6 33. Bd7
Ke5 34. Kf3 d5 35. cxd5 Kxd5 36. Ke2 Ke4 37. Bc6+ Ke5 38. Bd7 Kd4 39. h4 g5 40.
Ba4 gxh4 41. gxh4 Kd5 42. Bd7 Kc4 43. Kd1 Bf4 44. h5 Kc3 45. Bb5 a5 46. Ba6 Kb2
47. Bc4 a4 48. Bb5 a3 49. Bc4 Be3 50. Ba6 1/2-1/2

[Event "ODJM A 2015"]
[Site "Willingen GER"]
[Date "2015.05.26"]
[Round "4"]
[White "Leyrer, Thomas"]
[Black "Döpper, Anna Bérénice"]
[Result "1-0"]
[Termination "normal"]
[Board "13"]
[WhiteElo "1864"]
[BlackElo "1600"]
[PlyCount "83"]
[WhiteFideId "12908274"]
[BlackFideId "1271853"]
[EventCountry "GER"]
[EventRounds "9"]
[EventType "swiss"]
[EventDate "2015.05.23"]

1. d4 Nf6 2. c4 c5 3. d5 e5 4. Nc3 d6 5. e4 Nbd7 6. g3 a6 7. a4 g6 8. Bg2 Bg7
9. Nge2 O-O 10. O-O Ne8 11. Qc2 Rb8 12. a5 b6 13. axb6 Nxb6 14. b3 Qc7 15. f4
Nd7 16. h3 f5 17. Ra2 Qb7 18. Ra3 Nb6 19. fxe5 Bxe5 20. Bf4 Qe7 21. Qd2 Ng7 22.
Nc1 Nd7 23. Bg5 Bd4+ 24. Kh2 Bf6 25. Bxf6 Rxf6 26. Nd3 fxe4 27. Re1 Qf8 28.
Nxe4 Rf7 29. Nf4 Nf6 30. Ng5 Re7 31. Nge6 Qf7 32. Nd8 Qe8 33. Rxe7 Qxe7 34. Nc6
Qc7 35. Nxb8 Qxb8 36. Qe3 Nf5 37. Qc3 Kf7 38. Ra1 Bb7 39. Ne6 Qh8 40. Qa5 Qc8
41. Qb6 Ne8 42. Nd8+ 1-0

[Event "ODJM A 2015"]
[Site "Willingen GER"]
[Date "2015.05.26"]
[Round "4"]
[White "Scheinhütte, Jakob"]
[Black "Lüßmann, Thomas"]
[Result "1/2-1/2"]
[Termination "normal"]
[Board "14"]
[WhiteElo "1789"]
[BlackElo "1911"]
[PlyCount "70"]
[WhiteFideId "24693944"]
[BlackFideId "1270602"]
[EventCountry "GER"]
[EventRounds "9"]
[EventType "swiss"]
[EventDate "2015.05.23"]

1. e4 c6 2. d4 d5 3. e5 Bf5 4. Nf3 e6 5. Bd3 Bxd3 6. Qxd3 Qa5+ 7. c3 Qa6 8. Ke2
Ne7 9. Nbd2 Ng6 10. Nb3 Qxd3+ 11. Kxd3 Na6 12. Be3 h6 13. a3 Be7 14. Nbd2 O-O
15. b4 f6 16. Nb3 fxe5 17. Nxe5 Nxe5+ 18. dxe5 c5 19. Ke2 Rac8 20. Rac1 b6 21.
g3 Nb8 22. f4 Nd7 23. Bd2 Rc7 24. a4 Ra8 25. a5 Rb8 26. axb6 Rxb6 27. Nxc5 Bxc5
28. bxc5 Nxc5 29. Rb1 Rbc6 30. Rhc1 Ne4 31. Ra1 Rb6 32. Ra2 Rcb7 33. Kd3 Kf7
34. Be3 Rb2 35. Rc2 Rb1 1/2-1/2

[Event "ODJM A 2015"]
[Site "Willingen GER"]
[Date "2015.05.26"]
[Round "4"]
[White "Böhning, Kilian"]
[Black "Reck, Jessica"]
[Result "1-0"]
[Termination "normal"]
[Board "15"]
[WhiteElo "2016"]
[BlackElo "1620"]
[PlyCount "57"]
[WhiteFideId "1270499"]
[BlackFideId "12917931"]
[EventCountry "GER"]
[EventRounds "9"]
[EventType "swiss"]
[EventDate "2015.05.23"]

1. d4 Nf6 2. Nf3 g6 3. h4 Bg7 4. h5 Nxh5 5. e4 c6 6. Bd3 d5 7. e5 f6 8. Nc3 Na6
9. Qe2 Bg4 10. Rh4 Bxf3 11. Qxf3 O-O 12. e6 f5 13. Rxh5 gxh5 14. Bxf5 Rxf5 15.
Qxf5 Qf8 16. Qxh5 Bxd4 17. Be3 Bf6 18. O-O-O Qg7 19. Rh1 d4 20. Rh3 Kh8 21. Rg3
Qf8 22. Bh6 Qe8 23. Qf7 Qxf7 24. exf7 dxc3 25. bxc3 Be5 26. f4 Bxf4+ 27. Bxf4
h5 28. Be5+ Kh7 29. Rg7+ 1-0